000
00328nam a2200145Ia 4500
008
230718s9999 xx 000 0 und d
041
_a
Eng.
082
_a
257
_b
VAL-I
100
_a
valk, Jhon
245
0
_a
Islami world view from Every
260
_a
Pakistan
_b
Palgrane
_c
2017
300
_a
186
650
_a
Law
999
_c
31924
_d
31924